| 000 | 00633nam a22002057a 4500 | ||
|---|---|---|---|
| 999 |
_c21059 _d21059 |
||
| 003 | AR-CdUCM | ||
| 008 | 190726b ||||| |||| 00| 0 spa d | ||
| 020 | _a99729651-1-2 | ||
| 040 |
_aMUNICIPALIDAD PROVINCIAL DEL CUSCO _cBIBLIOTECA MUNICIPAL DEL CUSCO |
||
| 082 |
_aES / 865.6 / _bQ76 |
||
| 100 |
_aQuispe Puma, Toribio _943854 |
||
| 245 | _aSipasmantawan ukukumantawan / | ||
| 260 |
_aCusco : _bAsociación Pukllasunchis, _c2001. |
||
| 300 |
_a23 pƔginas ; _bilustraciones ; _c30 cm. |
||
| 500 | _aComunidad: Sequeraccay | ||
| 650 |
_aCuentos andinos _966 |
||
| 650 |
_aLiteratura _983 |
||
| 942 |
_2ddc _cLIBROS |
||
| 945 | _azta | ||